000 00495nam a2200157 a 4500
001 000034782
005 20200930073911.0
008 111019s1959 cu 000 0 spa d
040 _aDO-SdBNP
_bspa
_cBNPHU
082 _axxxx
_bxxxx
100 1 _aTejera, Nivaria
_960274
245 1 3 _aEl barranco /
_cNivaria Tejera.
260 _aHabana :
_bUniversidad Central de las Villas,
_c1959.
300 _a20 cm. ;
_c191 p.
590 _aPerteneció a la biblioteca personal de Juan Isidro Jimenes Grullón
999 _c34273
_d34273